000
00317nam a2200133Ia 4500
005
20251222154333.0
008
251222s9999||||xx |||||||||||||| ||spa||
020
_a
84-235-1180-4
082
_a
468/I69
100
_a
"Iribarren, José María"
245
0
_a
El porquéde los dichos
250
_a
11a.ed.
942
_c
LIB
999
_c
34245
_d
34245